| 000 | 00731 a2200229 4500 | ||
|---|---|---|---|
| 003 | dpl0 | ||
| 005 | 20180724111347.0 | ||
| 008 | 080822t xxu||||| |||| 00| 0 eng d | ||
| 010 | _aENG-85069 | ||
| 020 |
_a8188689211 _c395.00 |
||
| 035 | _aEN-68602,B-158464 | ||
| 037 | _bD.B.Act / Pub | ||
| 040 |
_adpl _bENG _c0 |
||
| 082 | _a621.3192 | ||
| 100 | _aThorborg, Kjeld | ||
| 245 |
_aPower Electronics _cby Kjeld Thorborg _bin theory and practice |
||
| 260 |
_aNew Delhi _bOverseas Press India _c2005 |
||
| 270 |
_a7/28, Ansari Road, Darya Ganj _bNew Delhi _e110 002 _moverseas@de13.vsnl.nic.in |
||
| 300 |
_a518p. _b23cm.(Pbk) |
||
| 500 | _aincludes index | ||
| 942 |
_adpl _cEN _k621.3192/ THO _2ddc _h621.3192 _mTHO |
||
| 999 |
_c1017 _d1017 |
||